000 01254nam a2200313 i 4500
001 000027445
003 DO-SdBNP
005 20241101135923.0
007 ta
008 110331s1966 dr r 000 0 spa d
040 _aDO-SdBNP
_bspa
_cBNPHU
_erda
082 4 _aRD860.9
_bH519p 1966
_222
100 1 _aHenríquez Ureña, Max,
_d1885-1968
_92621
_eautor
_4aut.
245 1 0 _aPanorama histórico de la literatura dominicana /
_cMax Henríquez ureña.
250 _a2a ed. rev. y ampl.
264 1 _aSanto Domingo, República Dominicana :
_bLibrería Dominicana,
_c1966.
300 _a459 páginas ;
_c19 cm.
336 _atexto
_btxt
_2rdamedia
337 _asin mediación
_bn
_2rdamedia
338 _avolumen
_bnc
_2rdacarrier
490 0 _aPensamiento dominicano ;
_v34
500 _a
500 _aIncluye referencias bibliográficas y notas al pie de las páginas.
505 0 _aEra Colonial ; Era de la independencia desde los Trinitarios hasta grupos literarios. -- Era de la independencia desde literatura indigenista hasta la poesía sorprendida.
590 _aInventariado, 2018/BT
650 7 _aLiteratura dominicana
_xHistoria y crítica
_9159
_2LEMB
910 _aVMateo / Validado. Control de calidad. MFF
942 _2ddc
_cLBS1
999 _c26937
_d26937